000 00540nam a2200169 i 4500
001 60516
003 ES-MaACL
005 20230906164240.0
007 t|
008 031105s1921 mx ||||1| spa d
100 1 _aEsquilo.
_947970
245 1 0 _aTragedias /
_cEsquilo ; versión directa del griego por Fernando Segundo Brieva Salvatierra.
260 _aMéxico :
_b[s.n.,
_c1921] (
_fTalleres Gráficos de la Nación)
300 _a332 p. ;
_c19 cm.
700 1 _aBrieva Salvatierra, Fernando Segundo.
_931712
852 _aES-MaACL
_jG-7706
999 _c60516
_d60516